Том 3; Карантин: роман; Собрание сочинений

Bibliographic Details
Parent link:Собрание сочинений: В 8 т./ В. Е. Максимов. Том 3: Карантин.— , 1991.— 5-85255-038-8
Language:Russian
Published: 1991
Subjects:
Format: Book
KOHA link:https://koha.lib.tpu.ru/cgi-bin/koha/opac-detail.pl?biblionumber=115341

MARC

LEADER 00000nam2a2200000 4500
001 115341
005 20231031122607.0
010 |a 5852550329 
035 |a (RuTPU)RU\TPU\book\124741 
035 |a RU\TPU\book\124739 
090 |a 115341 
100 |a 20070507d1991 m y0rusy50 ca 
101 0 |a rus 
102 |a RU 
105 |a y z 000ay 
200 0 |a Том 3  |a Карантин  |e роман 
210 |d 1991 
215 |a 364 с. 
461 1 |0 (RuTPU)RU\TPU\book\124737  |y 5-85255-038-8  |t Собрание сочинений  |o В 8 т.  |f В. Е. Максимов  |v Том 3: Карантин  |d 1991 
610 1 |a русская литература 
610 1 |a романы 
675 |a Р1  |v 3 
801 1 |a RU  |b 63413507  |c 20070507  |g PSBO 
801 2 |a RU  |b 63413507  |c 20070507  |g PSBO 
942 |c BK